Normal view
MARC view
Entry Personal Name
001 - CONTROL NUMBER
- control field: 10112
003 - CONTROL NUMBER IDENTIFIER
- control field: OSt
005 - DATE AND TIME OF LATEST TRANSACTION
- control field: 20260204074914.0
008 - FIXED-LENGTH DATA ELEMENTS
- fixed length control field: 260204|| aca||aabn | a|a d
040 ## - CATALOGING SOURCE
- Original cataloging agency: OSt
100 ## - HEADING--PERSONAL NAME
- Personal name: Gary B. Shelly | Thomas J. Cashman | Harry J. Rosenblatt
- Relator term: Author